000 01107nam a2200313 i 4500
001 37760
003 ES-MaACL
005 20250724063406.0
007 t|
008 030221s1961 ag ||||1| spa d
100 1 _aByron, George Gordon Byron,
_cBaron,
_d1788-1824
_933026
245 1 0 _aObras /
_cLord Byron ; [traducción de Juan González de Luances].
260 _aBuenos Aires, etc. :
_bPlaza & Janés,
_c[1961]
300 _a759 p. ;
_c16 cm.
505 8 _aContiene: La peregrinación de Childe Harold. La novia de Abydos. El corsario. Lara. El sitio de Corinto. El prisionero de Chillon. Manfredo. Las lamentaciones de Tasso. Mazeppa. Caín
700 1 _aLuaces, Juan G. de.
_974483
740 3 _aLa peregrinación de Childe Harold.
740 3 _aLa novia de Abydos.
740 3 _aEl corsario.
740 0 _aLara.
740 3 _aEl sitio de Corinto.
740 3 _aEl prisionero de Chillon.
740 0 _aManfredo.
740 4 _aLas lamentaciones del Tasso.
740 0 _aMazeppa.
740 0 _aCaín.
852 _aES-MaACL
_jE-3874
_bR.50341
999 _c37760
_d37760